000
00310nam a2200121Ia 4500
008
190216s9999||||xx |||||||||||||| ||und||
100
_a
Sodhi G S
245
0
_a
Fundamental Concept Of Environmental Chemistry
260
_b
Narosa Pubs House
_c
2002
300
_a
465
650
_a
Chemistry-Chemistry
942
_c
BK
999
_c
3147
_d
3147